| 000 | 00806nam a2200277Ia 4500 | ||
|---|---|---|---|
| 003 | OSt | ||
| 005 | 20220912152748.0 | ||
| 006 | a|||||r|||| 00| 0 | ||
| 007 | ta | ||
| 008 | 220909b |||||||| |||| 00| 0 eng d | ||
| 024 | _a35565 | ||
| 037 | _cTextual | ||
| 040 |
_aCSL _beng _cCSL |
||
| 041 | _aeng | ||
| 082 | _aC295:35p1:N67, K8 | ||
| 100 | _aMatthias E Ed. | ||
| 111 | _aCONFERENCE ON HYPRFINE STRUCTURE AND NUCLEAR RADIATIONS (Augu--30, : California) | ||
| 245 | 0 | _aProceedings on hyperfine structure and nuclear radiations | |
| 260 | _c1968 | ||
| 300 |
_ap. _ccm. |
||
| 650 | _a Nuclear radiations | ||
| 650 | _aParticle physics | ||
| 700 | _a Shirley D A Ed. | ||
| 942 |
_hC295:35p1:N67, K8 _cTEXL _2CC |
||
| 999 |
_c91539 _d91539 |
||